Statistics for Islands of Florida

Click here to take the quiz!

General Stats

  • This quiz has been taken 6 times
  • The average score is 10 of 46

Answer Stats

County(ies)Approx. AcreageAnswer% Correct
Miami-Dade3,200Key Biscayne
100%
Monroe2,700Key West
100%
Monroe1,900Key Largo
100%
Lee21,280Sanibel Island
60%
Lee2,500Captiva Island
60%
Martin and St. Lucie15,300Hutchinson Island
40%
Franklin50,000St. James Island
40%
Franklin18,000St. George Island
40%
Sarasota5,100Siesta Key
40%
Manatee and Sarasota10,000Longboat Key
40%
Palm Beach1,700Hypoluxo Island
40%
Nassau11,520Amelia Island
40%
Lee2,500Cayo Costa
40%
Monroe6,270Big Pine Key
40%
Miami-Dade863Virginia Key
20%
Collier7,700Marco Island
20%
Monroe600Stock Island
20%
Franklin11,000St. Vincent Island
20%
Pinellas1,920Caladesi Island
20%
Lee11,500Pine Island
20%
Indian River and St. Lucie15,000North Hutchinson Island
20%
Lee2,500North Captiva Island
20%
Charlotte and Sarasota2,000Manasota Key
20%
St. Johns8,960Anastasia Island
20%
Charlotte and Lee4,500Gasparilla Island
20%
Hillsborough500Davis Island
20%
Franklin1,800Dog Island
20%
Sarasota10,750Venice Island
0%
Lee640Useppa Island
0%
Manatee4,480Anna Maria Island
0%
Monroe524Bahia Honda Key
0%
Putnam1,700Drayton Island
0%
Miami-Dade700Elliott Key
0%
Palm Beach3,200Ritta Island
0%
Palm Beach5,200Palm Beach Island
0%
Monroe1,900Boca Grande
0%
Volusia1,600Hontoon island
0%
Miami-Dade761Brickell Key
0%
Sarasota768Bird Key
0%
Martin and Palm Beach2,300Jupiter Island
0%
Monroe3,500Cudjoe Key
0%
Monroe1,000Long Key
0%
Duval2,500Little Talbot Island
0%
Sarasota500Lido Key
0%
Duval2,000Blount Key
0%
Levy650Cedar Key
0%

Score Distribution

Percentile by Number Answered

Percent of People with Each Score

Your Score History

You have not taken this quiz